00597nam a2200193Ia 4500008004100000020001400041082001400055100002400069245003900093250000700132260004500139300002700184500001900211600002000230650001500250942000700265952011600272999001500388240925s9999 xx 000 0 und d a132496321 a681.2 CAR aCarstens ,James R. 0aElectrical Sensors and Transducers aNA aNew Jersey:bPrintice- Hall Int.c,1999. axv,801p.bNAfOriginal aIncludes Index aSocial Sciences aManagement cBK 001040708MANaUITUbUITUd1999-12-23eMaster Book l0o681.2 CARpQ2128r2024-09-25 07:12:40w2024-09-25yBK c4627d4627